Smart's Kindergarten English Book Volume 3 (video CD included)
| Format: | Book |
|---|---|
| Published: |
Kajang, Selangor DE. :
Smart Publication
|
| Subjects: |
MARC
| LEADER | 00000cam a2200000 7i4500 | ||
|---|---|---|---|
| 001 | 0000050310 | ||
| 005 | 20050322.0 | ||
| 008 | 050322n | ||
| 020 | |a 983403945X | ||
| 090 | 0 | 0 | |a JR PRE 428 SMA |
| 245 | 1 | 0 | |a Smart's Kindergarten English Book Volume 3 (video CD included) |
| 260 | |a Kajang, Selangor DE. : |b Smart Publication | ||
| 300 | |a 16p. : |b col.ill ; |c 30cm. | ||
| 650 | 0 | 0 | |a English, readers |
| 999 | |a 238140 |b Buku |c Koleksi Pinjaman Kanak-Kanak |e Perbadanan Perpustakaan Awam Melaka | ||
| 999 | |a 238141 |b Buku |c Koleksi Pinjaman Kanak-Kanak |e Perpustakaan Cawangan Masjid Tanah | ||